Писма до Украйна (Запис номер 381626)
[ съкратено ]
| 000 -Лидер | |
|---|---|
| Контролно поле с фиксирана дължина | nam a22 a 4500 |
| 003 - Код на организацията, давaща контролен номер | |
| Контролно поле | BLK |
| 005 - Дата и час на последна редакция | |
| Контролно поле | 20210301115632.0 |
| 008 - Елементи от данни с фиксирана дължина | |
| fixed length control field | 210226b bul|||||r ||||||| ||bul|| |
| 020 ## - Международен стандартен номер на книга ISBN | |
| Международен стандартен номер на книга ISBN | 9789545533297 |
| 040 ## - Източник на каталожния запис | |
| Идентификатор на билиотеката - собственик на записа | BLK |
| 041 ## - Код за език | |
| Код за езика на текст/звукозапис или на отделно заглавие | Български |
| Код за езика КДБФ | Български |
| 080 ## - УДК | |
| Текстов определител УДК | Украинска литература |
| УДК код - определител по УДК | 821.161.2 |
| УДК определител | -1 |
| УДК - код + определител | 821.161.2-1 |
| 100 1# - Редна дума - Автор | |
| Автор | Андрухович, Юрий Игоревич |
| Авторска отговорност | първи автор |
| R(LIN) | 32506 |
| 139 ## - Редно поле | |
| Редна дума | Андрухович, Юрий Игоревич |
| Авторски знак | Андр - А 66 |
| 245 10 - Сведения за заглавието | |
| Заглавие | Писма до Украйна |
| Подзаглавни данни | Стихове |
| Редно поле (дума) | Юрий Игоревич Андрухович. |
| 257 ## - Страна на издаване | |
| Страна на създаване/издаване | България |
| 260 ## - Област на издателските данни | |
| Място на издаване, разпространение и проч. | София |
| Име на издателя, разпространителя и проч. | Парадокс |
| Година на издаване | 2020 |
| 300 ## - Физическа характеристика | |
| Страници | 130 с. |
| Размери/Мащаб | 20 см |
| Илюстрации и др. | с ил. |
| 380 ## - Жанр | |
| Жанр | Худож. лит. |
| 500 ## - Общи забележки | |
| Забележка | Ориг. загл., установено от доп. източник: Листи в Україну<br/>За авт.: с. 1<br/>Няколко думи за преводача: с. 128-129 |
| 700 1# - Други автори (авторска отговорност) | |
| Лично име | Стаменова, Албена Проданова |
| Автороска отговорност (Описва отношението между автора и произведението) | прев. от укр. |
| 9 (RLIN) | 373856 |
| 852 ## - Местоположение | |
| Фондова буква | Заемна - подръчен фонд |
| Систематично-азбучна сигнатура | 821-1/А 66 Ю |
| 852 ## - Местоположение | |
| Фондова буква | Хранилище |
| Форматна сигнатура | Цб 306050 |
| 856 4# - Електронен адрес и достъп | |
| Електронен формат | pdf - файл |
| 856 4# - Електронен адрес и достъп | |
| Електронен формат | pdf - файл |
| 999 ## - СИСТЕМНИ КОНТРОЛНИ НОМЕРА | |
| Koha biblionumber | 381626 |
| Koha biblioitemnumber | 381626 |
| 942 ## - АРТИКУЛИ | |
| Вид на библиотечния материал | Книги |
| Скрит в OPAC | Не |
| Периодичен библиозапис | Да |
| Koha issues (borrowed), all copies | 1 |
| 944 ## - СЪЗДАВАНЕ И РЕДАКЦИЯ на ЗАПИСА | |
| Създаване/Редакция | Създаване |
| Дата на регистрацията/редакция | 2020-08-12 |
| Служител, извършил регистрацията/редакцията | НР |
| 999 ## - СИСТЕМНИ КОНТРОЛНИ НОМЕРА | |
| Koha biblioitemnumber | 381626 |
| 999 ## - СИСТЕМНИ КОНТРОЛНИ НОМЕРА | |
| Koha biblioitemnumber | 381626 |
| 999 ## - СИСТЕМНИ КОНТРОЛНИ НОМЕРА | |
| Koha biblioitemnumber | 381626 |
| 999 ## - СИСТЕМНИ КОНТРОЛНИ НОМЕРА | |
| Koha biblioitemnumber | 381626 |
| 999 ## - СИСТЕМНИ КОНТРОЛНИ НОМЕРА | |
| Koha biblioitemnumber | 381626 |
| 999 ## - СИСТЕМНИ КОНТРОЛНИ НОМЕРА | |
| Koha biblioitemnumber | 381626 |
| Код за отписване | Код за изгубен артикул | Източник на класификационната схема | Код за повреда | Коз за рестрикции | Код за отдаване | Артикулен № | Име на библиотеката - собственик | Име на библиотеката, в която се намира в момента | Статус (Текущо местоположение) | Дата на вписване в системата | Местоположение - отдел | Цена в лева | Систематично азбучна сигнатура | Баркод | Цена в евро | Служебен тип на артикула |
|---|---|---|---|---|---|---|---|---|---|---|---|---|---|---|---|---|
| Не е изгубен | Universal Decimal Classification | Не е повреден | без рестрикции | заемане за дома | 801713 | Регионална библиотека "Любен Каравелов" Русе | Регионална библиотека "Любен Каравелов" Русе | Заемна - подръчен фонд | 2020-09-30 | Заемна - подръчен фонд | 9.10 | 821-1/А 66 Ю | 120000848142 | 4.65 | Книги | |
| Не е изгубен | Universal Decimal Classification | Не е повреден | ползва се в читалня | 813705 | Регионална библиотека "Любен Каравелов" Русе | Регионална библиотека "Любен Каравелов" Русе | Хранилище | 2021-03-01 | Хранилище | 14.00 | Цб 306050 | 120000851173 | 7.16 | Книги |